Olympics medal table - Athens 1896 - Statistics

General Stats
  • This quiz has been taken 37 times
  • The average score is 7 of 10
Answer Stats
Gold Silver Bronze Total Nation % Correct
11 7 2 20 United States
97%
5 4 2 11 France
91%
2 3 2 7 Great Britain
91%
10 17 19 46 Greece
91%
6 5 2 13 Germany
84%
2 1 2 5 Austria
66%
2 1 3 6 Hungary
56%
1 2 0 3 Switzerland
53%
1 2 3 6 Denmark
44%
1 1 1 3 Mixed team
3%
No matching quizzes found
Score Distribution
Percent of People with Each Score
Percentile by Number Answered
Your Score History
You have not taken this quiz